[Event "Mechanics' Shipman TNM; G/2 d/5"]
[Site "San Francisco"]
[Date "2018.09.25"]
[Round "8.12"]
[White "Cendejas, Juan Rod"]
[Black "Anderson, Michael"]
[Result "0-1"]
[WhiteElo "1697"]
[BlackElo "1903"]
[PlyCount "82"]
[EventDate "2018.??.??"]
[Source "ChessBase"]
[SourceDate "2007.09.04"]

1. e4 c5 2. b4 cxb4 3. a3 d5 4. e5 Nc6 5. d4 Qb6 6. axb4 Qxd4 7. Qxd4 Nxd4 8.
Bd3 e6 9. Bb2 Nc6 10. b5 Nb4 11. Bd4 Nxd3+ 12. cxd3 Bd7 13. Nc3 Bb4 14. b6 a5
15. Nge2 Ne7 16. O-O Nf5 17. Na2 Nxd4 18. Nxd4 Bc5 19. Nc2 Ke7 20. Rab1 Ba4 21.
Rfc1 Rhc8 22. Ne3 Kd7 23. Nc3 Ba3 24. Ra1 Bxc1 25. Nxa4 Bxe3 26. fxe3 Rc2 27.
d4 Rac8 28. Nc5+ R8xc5 29. dxc5 Rxc5 30. Kf2 Kc6 31. Ke2 Kxb6 32. Kd3 Ka6 33.
e4 b5 34. g4 b4 35. h4 Rc3+ 36. Kd2 dxe4 37. Rf1 Rc7 38. Rf4 b3 39. Rxe4 b2 40.
Re1 a4 41. Rb1 a3 0-1

[Event "Mechanics' Bedjanian TNM; G/2 d/5"]
[Site "San Francisco"]
[Date "2018.11.27"]
[Round "6.12"]
[White "Cendejas, Juan Rod"]
[Black "Clemens, Kristian"]
[Result "0-1"]
[WhiteElo "1705"]
[BlackElo "1993"]
[PlyCount "120"]
[EventDate "2018.??.??"]
[Source "ChessBase"]
[SourceDate "2007.09.04"]

1. e4 e5 2. Bc4 Nf6 3. Nf3 Nxe4 4. d4 d5 5. Bb3 Bg4 6. h3 Bh5 7. Be3 Bb4+ 8. c3
Ba5 9. dxe5 c6 10. Nbd2 Nd7 11. g4 Bg6 12. Bc2 Qe7 13. Qe2 Nxc3 14. bxc3 Bxc2
15. O-O O-O 16. Nd4 Ba4 17. f4 Bxc3 18. Nf5 Qe6 19. Rab1 Bb5 20. Rxb5 cxb5 21.
Nf3 d4 22. Bxd4 Bxd4+ 23. N5xd4 Qc4 24. Qe4 Nc5 25. Qf5 Qd3 26. Qg5 Ne4 27. Qh4
Qe3+ 28. Kg2 Rad8 29. Re1 Qxf4 30. Nf5 Rd3 31. Rf1 Rxf3 32. Rxf3 Qd2+ 33. Kg1
Qg5 34. Qe1 Nc5 35. Nd6 a6 36. Qc3 b6 37. Rf5 Qe7 38. Qf3 g6 39. Rf6 Qxe5 40.
h4 Qa1+ 41. Kh2 Qxa2+ 42. Kh1 Qb1+ 43. Kg2 Qc2+ 44. Kh1 Qc1+ 45. Kg2 Qd2+ 46.
Kh1 Qe1+ 47. Kg2 Qd2+ 48. Kh1 Qd3 49. Qf4 Qd1+ 50. Kg2 Ne6 51. Qe5 Qxg4+ 52.
Kf1 Qd1+ 53. Kg2 Qd4 54. Rxe6 Qg4+ 55. Kh2 Qxh4+ 56. Kg2 Qg4+ 57. Kh1 Qxe6 58.
Qd4 Rd8 59. Qxb6 Qxd6 60. Qxd6 Rxd6 0-1

[Event "Mechanics' Spring TNM; G/2 d5"]
[Site "San Francisco"]
[Date "2018.04.24"]
[Round "6.13"]
[White "Cendejas, Juan Rod"]
[Black "Elisman, Maxim Gre"]
[Result "0-1"]
[WhiteElo "1716"]
[BlackElo "1986"]
[PlyCount "88"]
[EventDate "2018.??.??"]
[Source "ChessBase"]
[SourceDate "2007.09.04"]

1. e4 e6 2. d4 d5 3. exd5 exd5 4. Bf4 Nf6 5. Bd3 Nc6 6. Nf3 Bg4 7. c3 Be7 8.
O-O Ne4 9. Nbd2 f5 10. Qc2 (10. Qb3) 10... O-O 11. Ne5 Bh5 12. f3 Nxd2 13. Bxd2
Nxe5 14. dxe5 Qd7 15. b4 a5 16. a3 Kh8 17. Rfe1 Qe6 18. Be3 f4 19. Bd4 b6 20.
b5 Bg6 21. Bxg6 hxg6 22. a4 Rf5 23. Rac1 Bc5 24. Kf1 Re8 25. Qf2 Bf8 26. Qh4+
Kg8 27. Qf2 g5 28. g4 Rf7 29. Kg2 g6 30. h4 Bg7 31. hxg5 Rfe7 32. Qh4 Kf8 33.
Re2 Qg8 34. Qh2 Qf7 35. Rce1 Re6 36. Kf2 Ke7 37. Rc2 Kd7 38. c4 Bxe5 39. Bxe5
Rxe5 40. Rd1 Qe7 41. Rdd2 Qxg5 42. cxd5 Qf6 43. Rc6 Rh8 $1 (43... Re2+ $1) 44.
Qg2 Qh4+ 0-1

[Event "Mechanics' Shipman TNM; G/2 d/5"]
[Site "San Francisco"]
[Date "2018.08.07"]
[Round "1.36"]
[White "Cendejas, Juan Rod"]
[Black "Greene, Sam"]
[Result "0-1"]
[WhiteElo "1697"]
[BlackElo "1552"]
[PlyCount "58"]
[EventDate "2018.??.??"]
[Source "ChessBase"]
[SourceDate "2007.09.04"]

1. e4 c6 2. d4 d5 3. exd5 cxd5 4. Bd3 Nf6 5. Bg5 e6 6. Nc3 Bb4 7. Nge2 Nbd7 8.
O-O O-O 9. a3 Ba5 10. b4 Bc7 11. f4 Nb6 12. Ng3 g6 13. h4 Kg7 14. h5 h6 15. Bh4
Nc4 16. Qe2 Nd6 17. Nd1 Nf5 18. Nxf5+ exf5 19. Ne3 Qd6 20. Bxf6+ Qxf6 21. c3
Be6 22. g3 Rac8 23. Kg2 g5 24. fxg5 Qxg5 25. Rf3 f4 26. Nf1 Bg4 27. Qf2 fxg3
28. Rxg3 Bxg3 29. Nxg3 Rxc3 0-1

[Event "Mechanics' Bedjanian TNM; G/2 d/5"]
[Site "San Francisco"]
[Date "2018.12.11"]
[Round "8.27"]
[White "Cendejas, Juan Rod"]
[Black "Harris, Clarence"]
[Result "1-0"]
[WhiteElo "1705"]
[BlackElo "1400"]
[PlyCount "65"]
[EventDate "2018.??.??"]
[Source "ChessBase"]
[SourceDate "2007.09.04"]

1. e4 e5 2. f4 d5 3. exd5 c6 4. d4 exd4 5. Nf3 c5 6. Bc4 Bg4 7. O-O Bd6 8. Re1+
Ne7 9. Bb5+ Nd7 10. Bd3 O-O 11. Bxh7+ Kh8 12. Bd3 Nxd5 13. h3 Bxf3 14. Qxf3 Qh4
15. g3 Qxh3 16. Bf1 Qf5 17. g4 Qf6 18. g5 Qd8 19. Qxd5 Nb6 20. Qh1+ Kg8 21. Bd3
g6 22. f5 Re8 23. Rf1 c4 24. fxg6 fxg6 25. Bxg6 Re7 26. Nd2 Qc7 27. Ne4 Be5 28.
Bd2 Rg7 29. Bf5 Re8 30. Qh6 Qc6 31. g6 Nd5 32. Rf3 c3 33. Rh3 1-0

[Event "Mechanics' Shipman TNM; G/2 d/5"]
[Site "San Francisco"]
[Date "2018.08.21"]
[Round "3.26"]
[White "Cendejas, Juan Rod"]
[Black "Hilliard, Michael"]
[Result "1-0"]
[WhiteElo "1697"]
[BlackElo "1400"]
[PlyCount "61"]
[EventDate "2018.??.??"]
[Source "ChessBase"]
[SourceDate "2007.09.04"]

1. e4 c6 2. d4 d5 3. Nc3 dxe4 4. Bc4 e6 5. Nxe4 Nd7 6. Bf4 Ngf6 7. f3 Be7 8.
Qd2 Nb6 9. Bb3 Nbd5 10. Bg3 b6 11. Ne2 Bb7 12. a3 O-O 13. c4 Nxe4 14. fxe4 Nf6
15. Bc2 c5 16. d5 Ne8 17. O-O Nd6 18. b3 f5 19. e5 Bg5 20. Bf4 Nf7 21. Rad1 h6
22. Qe3 exd5 23. cxd5 g6 24. e6 Nd6 25. Qe5 Bf6 26. Qxd6 Kh7 27. Qxd8 Raxd8 28.
d6 Rfe8 29. e7 Rd7 30. b4 c4 31. Ba4 1-0

[Event "Mechanics' Spring TNM; G/2 d5"]
[Site "San Francisco"]
[Date "2018.03.27"]
[Round "2.7"]
[White "Cendejas, Juan Rod"]
[Black "Ivanov, Aleksandr"]
[Result "0-1"]
[WhiteElo "1716"]
[BlackElo "2166"]
[PlyCount "130"]
[EventDate "2018.??.??"]
[Source "ChessBase"]
[SourceDate "2007.09.04"]

1. e4 e5 2. Bc4 Nf6 3. Nc3 Nc6 4. Nf3 Bc5 5. O-O O-O 6. d3 h6 7. h3 d6 8. Be3
Be6 9. Bxe6 fxe6 10. Bxc5 dxc5 11. Nh2 Nd4 12. Ne2 Qd6 13. c3 Nc6 14. Qc2 Rad8
15. Rad1 Nh5 16. g3 b6 17. Kg2 Rf7 18. Ng1 Qf8 19. a3 a5 20. Ng4 Rd6 21. Qe2 g6
22. Nf3 Qg7 23. Qe3 Kh7 24. h4 Rd8 25. Nxh6 Rxf3 26. Qxf3 Kxh6 27. Qg4 Qe7 28.
f4 exf4 29. gxf4 Rf8 30. Rf3 Rg8 31. Kh3 Rg7 32. Rdf1 e5 33. Qg5+ Qxg5 34.
fxg5+ Kh7 35. Kg4 Nf4 36. R1f2 Rd7 37. Rd2 Kg7 38. Rxf4 exf4 39. Kxf4 Rf7+ 40.
Kg3 Ne5 41. d4 Nc4 42. Re2 a4 43. e5 Rd7 44. Kf4 cxd4 45. cxd4 c6 46. Rc2 b5
47. Re2 Kf7 48. Rf2 Ke6 49. Ke4 Rf7 50. Rh2 Rh7 51. Kf4 Kd5 52. h5 gxh5 53. g6
Rg7 54. Kf5 Rg8 55. Kf6 Kxd4 56. e6 Kd5 57. Rxh5+ Kd6 58. e7 Rxg6+ 59. Kxg6
Kxe7 60. Rh2 Ke6 61. Kg5 Ke5 62. Kg4 Kd4 63. Rc2 $4 (63. Kf3 $11) 63... Ne3+
64. Kg3 Nxc2 65. Kf2 Kd3 0-1

[Event "Mechanics' Spring TNM; G/2 d5"]
[Site "San Francisco"]
[Date "2018.04.10"]
[Round "4.32"]
[White "Cendejas, Juan Rod"]
[Black "Revi, Frank"]
[Result "1-0"]
[WhiteElo "1716"]
[BlackElo "1256"]
[PlyCount "43"]
[EventDate "2018.??.??"]
[Source "ChessBase"]
[SourceDate "2007.09.04"]

1. e4 c5 2. b4 b6 3. Bc4 Nc6 4. b5 Ne5 5. Bd5 Rb8 6. Bb2 Qc7 7. Qh5 e6 $4 (7...
Ng6) 8. Bxe5 d6 9. Bc6+ Kd8 10. Bb2 Qe7 11. f4 Bb7 12. Bxb7 Rxb7 13. Ne2 Nf6
14. Qf3 d5 15. d3 d4 16. Nd2 Qd7 17. a4 Be7 18. Nc4 Qc7 19. Ne5 Rf8 20. Nc6+
Kc8 21. O-O Nd7 22. Nxe7+ 1-0

[Event "Mechanics' Bedjanian TNM; G/2 d/5"]
[Site "San Francisco"]
[Date "2018.10.23"]
[Round "1.31"]
[White "Cendejas, Juan Rod"]
[Black "Tabatabai, Ashkon"]
[Result "1-0"]
[WhiteElo "1705"]
[BlackElo "1115"]
[PlyCount "25"]
[EventDate "2018.??.??"]
[Source "ChessBase"]
[SourceDate "2007.09.04"]

1. e4 e5 2. f4 Nc6 3. Nf3 d6 4. Bc4 h6 5. O-O Bg4 6. Nc3 exf4 7. d4 g5 8. Bb5
Nge7 9. d5 a6 10. dxc6 axb5 11. cxb7 Rb8 12. Nd5 Rxb7 $4 (12... Bg7 $19) 13.
Nf6# 1-0

[Event "Mechanics' Spring TNM; G/2 d5"]
[Site "San Francisco"]
[Date "2018.05.08"]
[Round "8.25"]
[White "Cendejas, Juan Rod"]
[Black "Vemuri, Anand"]
[Result "1-0"]
[WhiteElo "1716"]
[BlackElo "1581"]
[PlyCount "55"]
[EventDate "2018.??.??"]
[Source "ChessBase"]
[SourceDate "2007.09.04"]

1. e4 c5 2. b4 cxb4 3. d4 Nf6 4. Bd3 Nc6 5. Bb2 e6 6. Ne2 Be7 7. O-O Qb6 8. Nd2
d5 9. e5 Ng4 10. h3 Nh6 11. f4 Nf5 12. Bxf5 exf5 13. Nf3 f6 14. a3 Na5 15. Nd2
Bd7 16. axb4 fxe5 17. Rxa5 Qxb4 18. Bc3 Qb6 19. fxe5 Qg6 20. Nf4 Qg5 21. e6 Bc6
22. Qc1 Bd6 23. Ne2 Qe3+ 24. Rf2 b6 25. Ra1 Bh2+ 26. Kf1 Bb5 27. Nf3 Bf4 28.
Bd2 1-0

[Event "Mechanics' Bedjanian TNM; G/2 d/5"]
[Site "San Francisco"]
[Date "2018.11.13"]
[Round "4.9"]
[White "Cendejas, Juan Rod"]
[Black "Wong, Russell"]
[Result "0-1"]
[WhiteElo "1705"]
[BlackElo "2200"]
[Annotator "Winslow,Elliott"]
[PlyCount "48"]
[EventDate "2018.??.??"]
[Source "ChessBase"]
[SourceDate "2007.09.04"]

1. e4 Nf6 2. e5 Nd5 3. d4 Nb6 4. c4 d6 5. f4 dxe5 6. fxe5 Nc6 7. Nf3 $2 (7. Be3
) 7... Bg4 8. Be2 e6 9. Be3 Be7 10. O-O Qd7 11. a3 Bxf3 12. Rxf3 Rd8 13. c5 {
[#]} Bxc5 $1 14. Bb5 Bxd4 15. Bxd4 Qxd4+ 16. Qxd4 Rxd4 17. Nc3 O-O (17... Ke7)
(17... Nd7) 18. Bxc6 bxc6 19. b3 Rfd8 20. Raf1 Rd3 21. Rxf7 Rxc3 22. Re7 Nd5
23. Rxe6 Rf8 24. Re1 Kf7 0-1

[Event "Mechanics' Summer TNM; G/2 d5"]
[Site "San Francisco"]
[Date "2018.07.10"]
[Round "7.12"]
[White "Cendejas, Juan Rodolfo"]
[Black "Ivanov, Aleksandr"]
[Result "0-1"]
[WhiteElo "1707"]
[BlackElo "2193"]
[PlyCount "36"]
[EventDate "2018.??.??"]
[Source "ChessBase"]
[SourceDate "2007.09.04"]

1. e4 e5 2. f4 d5 3. Qe2 dxe4 4. Qxe4 Nf6 5. Qxe5+ Be7 6. Bb5+ c6 7. Bc4 O-O 8.
Ne2 Nbd7 9. Qc3 b5 10. Bb3 Qb6 11. d4 c5 12. dxc5 Bxc5 13. Qd3 Bb7 14. Nbc3
Bxg2 15. Nd5 Nxd5 16. Bxd5 Bf2+ 17. Kd1 Nc5 18. Bxa8 Rxa8 0-1

[Event "Mechanics' Summer TNM; G/2 d/5"]
[Site "San Francisco"]
[Date "2018.06.12"]
[Round "3.27"]
[White "Cendejas, Juan Rodolfo"]
[Black "Kondakova, Elena"]
[Result "1/2-1/2"]
[WhiteElo "1707"]
[BlackElo "1381"]
[PlyCount "54"]
[EventDate "2018.??.??"]
[Source "ChessBase"]
[SourceDate "2007.09.04"]

1. e4 c5 2. b4 cxb4 3. d4 Nf6 4. e5 Nd5 5. a3 bxa3 6. Bxa3 Nc6 7. Nf3 g6 8. Bc4
Nb6 9. Bb3 Bg7 10. O-O O-O 11. Re1 d6 12. exd6 exd6 13. Nc3 Bg4 14. Nb5 Nc8 15.
c3 a6 16. Bb2 Nb6 17. Na3 Re8 18. Qd3 Bf5 19. Qd2 Qc7 20. Ng5 d5 21. Nf3 Rad8
22. Nh4 Be6 23. Bc2 Na5 24. Qd1 Nac4 25. Bc1 Nxa3 26. Rxa3 Nc4 27. Ra1 Qe7
1/2-1/2

[Event "Mechanics' Winter TNM; G/2 d5"]
[Site "San Francisco"]
[Date "2018.02.13"]
[Round "6.13"]
[White "Chalissery, Jossy"]
[Black "Argo, Guy"]
[Result "0-1"]
[WhiteElo "1680"]
[BlackElo "1951"]
[PlyCount "38"]
[EventDate "2018.??.??"]
[Source "ChessBase"]
[SourceDate "2007.09.04"]

1. b3 e5 2. Bb2 Nc6 3. e3 d5 4. Bb5 Bd6 5. Ne2 Qg5 6. Ng3 h5 7. h4 Qg6 8. Nc3
e4 9. Bxc6+ bxc6 10. Nce2 Bg4 11. Qc1 Ne7 12. c4 O-O 13. c5 Bxg3 14. Nxg3 f5
15. Nf1 Qf7 16. Qc3 Ng6 17. Ng3 f4 18. Nf1 fxe3 19. Qxe3 Nf4 0-1

[Event "Mechanics' Winter TNM; G/2 d5"]
[Site "San Francisco"]
[Date "2018.01.16"]
[Round "2.31"]
[White "Chalissery, Jossy"]
[Black "Baer, Michael Alan"]
[Result "1-0"]
[WhiteElo "1680"]
[BlackElo "1385"]
[Annotator "Donaldson"]
[PlyCount "57"]
[EventDate "2018.??.??"]
[Source "ChessBase"]
[SourceDate "2007.09.04"]

1. b3 d6 2. Bb2 Nd7 3. Nf3 Ngf6 4. c4 g6 5. g3 Bg7 6. Bg2 O-O 7. O-O c5 8. d3
Rb8 9. Nc3 a6 10. a4 b6 11. Qc2 Bb7 12. e4 e5 13. Nd5 Nxd5 14. cxd5 Rc8 15. Qe2
a5 16. Nd2 Ba6 17. Nc4 Bxc4 18. dxc4 Nf6 19. Bc1 Qc7 20. f4 exf4 21. Bxf4 Nxd5
$4 (21... Nh5 $11) (21... Nd7 22. Rae1 Ne5 $11) 22. cxd5 Bxa1 23. Rxa1 {
The two bishops are much too strong for the rook and pawn, especially in the
middlegame.} c4 24. Rc1 c3 25. Be3 f5 26. Bd4 c2 27. Qd3 f4 28. Bh3 Rb8 29.
Be6+ 1-0

[Event "Mechanics' Spring TNM; G/2 d5"]
[Site "San Francisco"]
[Date "2018.04.24"]
[Round "6.27"]
[White "Chalissery, Jossy"]
[Black "Erdenebileg, Matthew"]
[Result "1/2-1/2"]
[WhiteElo "1680"]
[BlackElo "1477"]
[Annotator "Donaldson"]
[PlyCount "82"]
[EventDate "2018.??.??"]
[Source "ChessBase"]
[SourceDate "2007.09.04"]

1. b3 d5 2. Bb2 c5 3. e3 (3. Nf3 f6 $1) 3... a6 (3... f6 4. d4) 4. Nf3 Nc6 5.
d4 cxd4 6. Nxd4 Nxd4 7. Qxd4 e6 8. Be2 Nf6 9. O-O Be7 10. Nd2 O-O 11. Nf3 Qc7
12. Qd1 b5 13. Rc1 Bb7 14. c4 dxc4 15. bxc4 bxc4 16. Rxc4 Qd8 17. Qa4 Rc8 18.
Rfc1 Rxc4 19. Qxc4 Qd7 20. Rd1 Qc8 21. Qf4 Rd8 22. Rc1 Qd7 23. Rc7 Qd1+ 24. Bf1
{Diagram [#]} Bxf3 (24... Bd6 $1) 25. Qxf3 Qxf3 26. gxf3 Bf8 27. Bd4 Nd5 28.
Ra7 Nb4 29. Bxa6 Nc6 30. Rc7 Nxd4 31. exd4 Rxd4 32. Rc2 Ra4 33. Bb5 Ra3 34. Kg2
g6 35. Bc4 Kg7 36. Bb3 Kf6 37. Rc4 Ra5 38. a4 Rg5+ 39. Kf1 Ra5 40. Rc6 Bb4 41.
Rb6 Bc5 1/2-1/2

[Event "Mechanics' Winter TNM; G/2 d5"]
[Site "San Francisco"]
[Date "2018.01.30"]
[Round "4.15"]
[White "Chalissery, Jossy"]
[Black "Pryor, Jamieson"]
[Result "0-1"]
[WhiteElo "1680"]
[BlackElo "1953"]
[PlyCount "110"]
[EventDate "2018.??.??"]
[Source "ChessBase"]
[SourceDate "2007.09.04"]

1. d4 Nf6 2. Nf3 e6 3. g3 Be7 4. Bg2 O-O 5. O-O d6 6. c4 Nbd7 7. Nc3 a5 8. a4
c6 9. b3 e5 10. dxe5 dxe5 11. Qc2 Qc7 12. Nd2 Nc5 13. e4 Ne6 14. Nf3 Nd7 15.
Be3 Ndc5 16. Rfd1 Na6 17. Na2 Nec5 18. Rd2 Bg4 19. Ne1 Rad8 20. f3 Bh5 21. Nd3
Ne6 22. Qb2 f6 23. Rad1 Nd4 24. Bxd4 Rxd4 25. Nf2 Bc5 26. Rxd4 Bxd4 27. Rxd4
exd4 28. Qxd4 Rd8 29. Qb2 Qb6 30. Kf1 Nc5 31. Nc1 Nxa4 32. Qc2 Nc5 33. Nh3 Bf7
34. Nf4 Qb4 35. Ncd3 Rxd3 36. Nxd3 Qxb3 37. Qxb3 Nxb3 38. Nb2 Nd2+ 39. Ke1 Nxc4
40. Nxc4 Bxc4 41. Kd2 Be6 42. Kc3 Kf8 43. f4 Ke7 44. Bf1 Kd6 45. Bd3 Kc5 46.
Bc2 b5 47. e5 b4+ 48. Kb2 fxe5 49. Bxh7 exf4 50. gxf4 Kd4 51. Bc2 c5 52. h4 c4
53. f5 c3+ 54. Kc1 Bf7 55. Ba4 Ke5 0-1

[Event "Mechanics' Spring TNM; G/2 d5"]
[Site "San Francisco"]
[Date "2018.04.03"]
[Round "3.34"]
[White "Chalissery, Jossy"]
[Black "Temple, Jason Todd"]
[Result "1-0"]
[WhiteElo "1680"]
[BlackElo "1167"]
[PlyCount "103"]
[EventDate "2018.??.??"]
[Source "ChessBase"]
[SourceDate "2007.09.04"]

1. b3 e5 2. Bb2 f6 3. e3 c6 4. Be2 Nh6 5. Bh5+ g6 6. Be2 Qa5 7. a3 Qd5 8. Nf3
Bc5 9. c4 Qe6 10. b4 Bb6 11. c5 Bc7 12. h3 d5 13. cxd6 Qxd6 14. Nc3 Bf5 15. e4
Be6 16. d3 Nd7 17. Bc1 g5 18. Be3 Nf7 19. Na4 b6 20. Qc2 Nd8 21. Nd2 h5 22. Nb2
c5 23. Rc1 Rc8 24. bxc5 Nxc5 25. Bxc5 bxc5 26. Qxc5 Qxc5 27. Rxc5 Nb7 28. Rc2
Na5 29. O-O g4 30. h4 f5 31. g3 f4 32. Rfc1 Rh7 33. Rc5 Kd8 34. Kh2 f3 35. Bf1
Bb6 36. Rxc8+ Bxc8 37. Kg1 Ba6 38. Ndc4 Rc7 39. Rd1 Bd4 40. Nxa5 Bxb2 41. Nc4
Bxc4 42. dxc4+ Ke7 (42... Bd4) 43. Rd5 Ke6 44. Ra5 Bc3 45. Ra6+ Kf7 46. Rh6 Kg7
47. Rxh5 Rb7 48. Rg5+ Kf6 $2 $11 (48... Kh6) 49. Rxg4 Rb2 50. Rg8 Be1 51. Rf8+
Kg6 52. Rxf3 1-0

[Event "Mechanics' Bedjanian TNM; G/2 d/5"]
[Site "San Francisco"]
[Date "2018.11.20"]
[Round "5.24"]
[White "Chambers, Don"]
[Black "Matz, James I"]
[Result "0-1"]
[WhiteElo "1047"]
[BlackElo "1630"]
[PlyCount "30"]
[EventDate "2018.??.??"]
[Source "ChessBase"]
[SourceDate "2007.09.04"]

1. e4 c5 2. Bc4 Nc6 3. c3 d6 4. Nf3 Bg4 5. O-O Nf6 6. d3 Ne5 7. Qa4+ Bd7 8. Qb3
Nxf3+ 9. gxf3 e6 10. Bg5 Be7 11. d4 Nh5 12. Bxe7 Qxe7 13. Qxb7 O-O 14. Bb5 Nf4
15. Qxd7 Qg5+ 0-1

[Event "Mechanics' Walter Shipman TNM G/2 d/5"]
[Site "San Francisco"]
[Date "2018.10.02"]
[Round "9.15"]
[White "Chambers, Don"]
[Black "Mays, Jerry L"]
[Result "0-1"]
[WhiteElo "1031"]
[BlackElo "1725"]
[Annotator "Winslow,Elliott"]
[PlyCount "42"]
[EventDate "2018.??.??"]
[Source "ChessBase"]
[SourceDate "2007.09.04"]

1. e4 e5 2. Bc4 Nc6 3. Nf3 Be7 4. d4 d6 5. Nc3 exd4 6. Nxd4 Ne5 7. Bb3 Nf6 8.
f3 O-O {[#]} 9. O-O $2 c5 {First time it's good} 10. Nf5 Bxf5 11. exf5 c4 12.
Ba4 (12. f4 Neg4 13. Bxc4 Qb6+ 14. Kh1 Nf2+ $17) 12... a6 13. f4 Neg4 14. h3
Qb6+ 15. Kh1 Nf2+ 16. Rxf2 Qxf2 17. Nd5 Nxd5 18. Qxd5 b5 19. Bxb5 axb5 20. Qxb5
Qe1+ 21. Kh2 Bh4 0-1

[Event "Mechanics' Shipman TNM; G/2 d/5"]
[Site "San Francisco"]
[Date "2018.09.25"]
[Round "8"]
[White "Chambers, Don"]
[Black "Otterbach, Renate"]
[Result "0-1"]
[WhiteElo "1031"]
[BlackElo "1082"]
[PlyCount "34"]
[EventDate "2018.??.??"]
[Source "ChessBase"]
[SourceDate "2007.09.04"]

1. e4 c5 2. Bc4 g6 3. Nf3 Bg7 4. d4 cxd4 5. Nxd4 Nc6 6. c3 Nf6 7. Qf3 Ne5 8.
Qe2 Nxc4 9. Qxc4 Nxe4 10. Ne6 fxe6 11. Qxe4 Qc7 12. O-O O-O 13. Be3 b6 14. Nd2
Bb7 15. Qa4 a6 16. Qb3 Bd5 17. Qc2 Bc6 {
Too many mistakes in the scoresheet. 0-1 64.} 0-1

[Event "Mechanics' Bedjanian TNM; G/2 d/5"]
[Site "San Francisco"]
[Date "2018.10.30"]
[Round "2.24"]
[White "Chambers, Don"]
[Black "Yanofsky, Kevin"]
[Result "0-1"]
[WhiteElo "1047"]
[BlackElo "1906"]
[PlyCount "58"]
[EventDate "2018.??.??"]
[Source "ChessBase"]
[SourceDate "2007.09.04"]

1. e4 c5 2. Nf3 g6 3. d4 cxd4 4. Qxd4 Nf6 5. Bc4 Nc6 6. Qd1 Bg7 7. O-O Nxe4 8.
Re1 Nf6 9. Ng5 d5 10. Bb3 O-O 11. Nc3 e6 12. f3 b6 13. Bf4 Nh5 14. Bd2 Ba6 15.
Rxe6 fxe6 16. Nxe6 Qd6 17. Nxf8 Rxf8 18. Bxd5+ Kh8 19. Be3 Nf6 20. Bxc6 Qxc6
21. Qd2 Bb7 22. Qe2 Re8 23. Nd1 Nd5 24. c3 Kg8 25. g3 Bh6 26. b3 Bxe3+ 27. Nxe3
Nxe3 28. Re1 Qxf3 29. Qxf3 Bxf3 0-1

[Event "Mechanics' Bedjanian TNM; G/2 d/5"]
[Site "San Francisco"]
[Date "2018.12.18"]
[Round "9.1"]
[White "Chambers, Ezra"]
[Black "Boldi, Ethan Kazanjian"]
[Result "1-0"]
[WhiteElo "2332"]
[BlackElo "2084"]
[Annotator "Winslow,Elliott"]
[PlyCount "83"]
[EventDate "2018.??.??"]
[Source "ChessBase"]
[SourceDate "2007.09.04"]

1. e4 e6 2. d4 d5 3. Nd2 Nf6 4. e5 Nfd7 5. c3 c5 6. Bd3 Nc6 7. Ne2 cxd4 8. cxd4
f6 {This long ago became the favored move} ({over} 8... Qb6 {
(although the statistics are about the same)}) 9. exf6 Nxf6 10. Nf3 Bd6 11. O-O
(11. Bf4) 11... O-O (11... Qc7 12. g3 (12. Nc3 a6) (12. h3 O-O 13. Be3) 12...
O-O 13. Bf4) 12. Bf4 {[#]} Qc7 $6 (12... Bxf4 13. Nxf4 Ne4 (13... Qd6) (13...
Ng4) 14. g3 $5) 13. Bxd6 Qxd6 14. Bb5 Nd7 $6 (14... Ng4 15. Ng3 e5 16. dxe5
Ngxe5 17. Nxe5 Nxe5 18. Qd4 Nc6 19. Qd2 Bg4 20. h3 Be6 21. Rfe1 Rad8 22. Rad1
d4 23. b3 Bd5 24. Bd3 Rf4 25. Nf5 Qc7 26. Rc1 Qb8 27. b4 g6 28. b5 gxf5 29.
bxc6 bxc6 30. g3 {1-0 (39) Kudrin,S (2515)-Fischer,J Graz 1987}) 15. Rc1 e5 16.
Bxc6 bxc6 17. dxe5 Nxe5 18. Nxe5 $8 Qxe5 19. Nd4 Ba6 (19... Bd7) (19... Bb7)
20. Re1 Qf4 (20... Qf6) 21. Rc2 (21. f3 $18) 21... Rfe8 22. Nxc6 Kh8 (22... d4
$5) 23. h3 Qd6 24. Nd4 Qd7 25. Rc3 Re4 26. Rce3 Rae8 27. Qd2 h6 28. Nb3 (28. b3
) (28. f3) 28... Qb5 (28... Rxe3 29. Rxe3 Rxe3) 29. Rxe4 dxe4 30. Qa5 Qc4 31.
Qc5 Qd3 $6 (31... Qf7 32. Qd4 Bc4 {could still realistically struggle on}) 32.
Qxa7 e3 33. Rxe3 Qd1+ 34. Kh2 Qd6+ 35. Rg3 Re7 36. Qd4 Qc6 37. Nc5 Be2 38. b4
h5 39. a4 Qe8 40. b5 Re5 41. b6 Rxc5 42. Qxg7# 1-0